00392 2200157 4500001002100000005001500021035002000036245004500056100001800101300002800119260003100147082000800178084001400186020002200200990001200222INLIS00000000000305620250919084654 a0010-09250004031 aMandiri Fisika Kelas XI /cDjoko Nugroho0 aDjoko Nugroho a194 hlm ;c17,5 x 25 cm aJakarta :bErlangga,c2009 a530 a530 DJO m a978-979-033-858-6 a0755579